| 000 | 00000nam##2200000za#4500 |
| 001 | 9.662757 |
| 003 | CaOODSP |
| 005 | 20250319162504 |
| 007 | ta |
| 008 | 150407|2001||||xxc||||| f|0| 0 eng|d |
| 020 | |a0-662-65705-5 |
| 022 | |a1482-9770 |
| 040 | |aCaOODSP|beng |
| 041 | |aeng |
| 041 | |afre |
| 043 | |an-cn--- |
| 086 | 1 |aA21-44/2001 |
| 110 | 1 |aCanada.|bAgriculture and Agri-Food Canada. |bPolicy Branch. |
| 245 | 10|aFarm income, financial conditions and government assistance : |bdata book |
| 260 | |aOttawa - Ontario : |bAgriculture and Agri-Food Canada. |c2001. |
| 300 | |aEnglish text, 92p. : |bgraphs, tables ; |c28 cm. |
| 546 | |aBilingual |
| 563 | |aSpiral binding |
| 590 | |a01-15|b2001-04-12 |
| 690 | 07|aFarming|2gcpds |
| 690 | 07|aAgricultural assistance|2gcpds |
| 690 | 07|aEconomic indicators|2gcpds |
| 776 | 0#|tRevenu agricole, situation financière et aide gouvernementale : |w(CaOODSP)9.637693 |
| 776 | 0#|tFarm income, financial conditions and government assistance : |w(CaOODSP)9.693515 |
| 792 | |tRevenu agricole, situation financière et aide gouvernementale : |efre|w(CaOODSP)9.662758 |
| 986 | |aPublication 2077/B |